Wait, skates! / (Record no. 3850)

MARC details
000 -LEADER
fixed length control field 00981pam a2200289 a 4500
005 - DATE AND TIME OF LATEST TRANSACTION
control field 20240516161742.0
020 ## - INTERNATIONAL STANDARD BOOK NUMBER
International Standard Book Number 0516238566
040 ## - CATALOGING SOURCE
Original cataloging agency DLC
Transcribing agency DLC
Modifying agency DLC
Language of cataloging eng
050 00 - LIBRARY OF CONGRESS CALL NUMBER
Classification number PZ7.J63416
Item number 1999
082 00 - DEWEY DECIMAL CLASSIFICATION NUMBER
Classification number 160
100 1# - MAIN ENTRY--PERSONAL NAME
Personal name Johnson, Mildred D
Fuller form of name (Mildred Dawes)
245 10 - TITLE STATEMENT
Title Wait, skates! /
Statement of responsibility, etc. by Mildred Johnson ; illustrated by Rick Stromoski.
250 ## - EDITION STATEMENT
Edition statement First Scholastic prinitng , April 2002
260 ## - PUBLICATION, DISTRIBUTION, ETC.
Place of publication, distribution, etc. New York :
Name of publisher, distributor, etc. Scholastic ;
Date of publication, distribution, etc. 1999
300 ## - PHYSICAL DESCRIPTION
Extent 31 pages :
Other physical details color illustrations ;
Dimensions 18 cm.
490 ## - SERIES STATEMENT
Series statement Roukie Readers
505 ## - FORMATTED CONTENTS NOTE
Formatted contents note D <br/>
520 ## - SUMMARY, ETC.
Summary, etc. A child putting on in-line roller skates for the first time must make them wait until they are ready to go straight.
521 ## - TARGET AUDIENCE NOTE
Target audience note 180 <br/>
Source Lexile <br/>
521 ## - TARGET AUDIENCE NOTE
Target audience note D <br/>
Source Raz-Plus <br/>
650 #1 - SUBJECT ADDED ENTRY--TOPICAL TERM
Topical term or geographic name entry element In-line skating
General subdivision Fiction.
650 #1 - SUBJECT ADDED ENTRY--TOPICAL TERM
Topical term or geographic name entry element Roller skating
General subdivision Fiction.
700 1# - ADDED ENTRY--PERSONAL NAME
Personal name Stromoski, Rick
Relator term illustrator
906 ## - LOCAL DATA ELEMENT F, LDF (RLIN)
a 7
b cbc
c orignew
d 1
e ocip
f 19
g y-gencatlg
942 ## - ADDED ENTRY ELEMENTS (KOHA)
Source of classification or shelving scheme Dewey Decimal Classification
Koha item type Books
Suppress in OPAC No
999 ## -
-- 3850
-- 3850
Holdings
Withdrawn status Lost status Source of classification or shelving scheme Damaged status Not for loan Collection Home library Current library Shelving location Date acquired Total Checkouts Full call number Barcode Date last seen Price effective from Koha item type
    Dewey Decimal Classification     Fiction Footprints International School Library Network Toul Kork Campus Footprints International School Library Network Toul Kork Campus   05/16/2024   JOH 160 PZ7.J63416 FISBK02701 05/16/2024 05/16/2024 Books